|
|
|
|
| LEADER |
01490nam a2200373 i 4500 |
| 001 |
EBC5750660 |
| 003 |
MiAaPQ |
| 005 |
20200520144314.0 |
| 006 |
m o d | |
| 007 |
cr cnu|||||||| |
| 008 |
190502s1974 gw o 000 0 ger d |
| 020 |
|
|
|z 9783794025183
|
| 020 |
|
|
|a 9783111590813 (e-book)
|
| 035 |
|
|
|a (MiAaPQ)EBC5750660
|
| 035 |
|
|
|a (Au-PeEL)EBL5750660
|
| 035 |
|
|
|a (OCoLC)1097974246
|
| 040 |
|
|
|a MiAaPQ
|b eng
|e rda
|e pn
|c MiAaPQ
|d MiAaPQ
|
| 043 |
|
|
|a e-gx---
|
| 050 |
|
4 |
|a PN5208
|b .P489 1974
|
| 082 |
0 |
|
|a 073
|2 23
|
| 100 |
1 |
|
|a Petzke, Ingo,
|d 1947-
|e author.
|
| 245 |
1 |
0 |
|a Journalistische Mitbestimmung in schwedischen Zeitungsverlagen /
|c Ingo Petzke.
|
| 264 |
|
1 |
|a Munchen :
|b Verlag Dokumentation,
|c 1974.
|
| 300 |
|
|
|a 1 online resource (104 pages)
|
| 336 |
|
|
|a text
|b txt
|2 rdacontent
|
| 337 |
|
|
|a computer
|b c
|2 rdamedia
|
| 338 |
|
|
|a online resource
|b cr
|2 rdacarrier
|
| 588 |
|
|
|a Description based on print version record.
|
| 590 |
|
|
|a Electronic reproduction. Ann Arbor, MI : ProQuest, 2018. Available via World Wide Web. Access may be limited to ProQuest affiliated libraries.
|
| 650 |
|
0 |
|a Journalism
|z Germany.
|
| 655 |
|
4 |
|a Electronic books.
|
| 776 |
0 |
8 |
|i Print version:
|a Petzke, Ingo.
|t Journalistische Mitbestimmung in schwedischen Zeitungsverlagen.
|d Munchen : Verlag Dokumentation, 1974
|h 104 pages
|z 9783794025183
|
| 797 |
2 |
|
|a ProQuest (Firm)
|
| 856 |
4 |
0 |
|u https://ebookcentral.proquest.com/lib/matrademy/detail.action?docID=5750660
|z Click to View
|